| 000 | 00607nam a2200205 a 4500 | ||
|---|---|---|---|
| 008 | |||
| 049 | _aMAIN | ||
| 100 | 1 | _aJacob, Francois. | |
| 245 | 1 | 0 |
_aSexuality and the genetics of bacteria / _cFrancois Jacob and Elie L. Wollman. |
| 260 |
_aNew York : _bAcademic Press, _c1961. |
||
| 300 |
_axv, 374 p. : _bill. ; _c24 cm. |
||
| 504 | _aIncludes bibliographical references. | ||
| 500 | _aIncludes index. | ||
| 700 | _aWollman, Elie L. | ||
| 907 |
_a.b10289987 _b25-02-11 _c24-01-11 |
||
| 003 | |||
| 005 | 20230123125129.0 | ||
| 040 | _cNUST | ||
| 942 | _cBOOKS | ||
| 999 |
_c136242 _d136242 |
||